South American Geography by Letter - H - Statistics

General Stats
  • This quiz has been taken 72 times
    47 since last reset
  • The average score is 5 of 14
Answer Stats
Clue Answer % Correct
Location that is often considered the southernmost tip of South America Cape {Horn}
85%
Term for a large plantation or estate in Spanish-speaking countries Hacienda
71%
Chili pepper that originated in the Amazon basin, but is named for a city in the Caribbean Habanero
56%
One of the loudest land animals on Earth {Howler} monkey
49%
The Andes are home to over 140 species of this type of bird Hummingbird
37%
Most powerful eagle species in the Americas {Harpy} eagle
32%
The Criollo, found in the Pampas region, is this type of animal Horse
32%
Region of the Guiana Shield with many tepui mountains Guiana {Highlands}
24%
Main settlement of Easter Island {Hanga} Roa
24%
City in Peru nicknamed "The Incontrastable City" Huancayo
15%
Tallest mountain in Peru Huascarán
15%
Rocket launch site near Natal, Brazil {Hell}'s Barrier
12%
Adobe pyramid in the Miraflores district of Lima {Huaca} Pucllana
12%
Most popular mountain in Bolivia in terms of ascents {Huayna} Potosí
5%
No matching quizzes found
Score Distribution
Percent of People with Each Score
Percentile by Number Answered
Your Score History
You have not taken this quiz since the last reset